|
|
|
|
| LEADER |
00000naa2a2200000 4500 |
| 001 |
179964 |
| 005 |
20231031170620.0 |
| 035 |
|
|
|a (RuTPU)RU\TPU\book\195082
|
| 090 |
|
|
|a 179964
|
| 100 |
|
|
|a 20100504d2007 k y0rusy50 ca
|
| 101 |
0 |
|
|a rus
|
| 102 |
|
|
|a RU
|
| 200 |
1 |
|
|a Битумилогические особенности юрских отложений Западно-Малобалыкского месторождения нефти (Западная Сибирь)
|f К. А. Удод
|g науч. рук. Н. Ф. Столбова
|
| 463 |
|
0 |
|0 (RuTPU)RU\TPU\book\140171
|y 5-89503-079-3
|t Проблемы геологии и освоения недр
|o [сборник]
|o труды XI международного симпозиума имени академика М. А. Усова студентов и молодых учёных, посвященного 80-летию академика, Президента международного горного конгресса, Лауреата государственной премии СССР М. И. Щадову
|f Томский политехнический университет (ТПУ), Институт геологии и нефтегазового дела
|v С. 368-370
|d 2007
|p 764 с.
|
| 610 |
1 |
|
|a юрские отложения
|
| 610 |
1 |
|
|a битуминологические исследования
|
| 610 |
1 |
|
|a Западно-Малобалыкское месторождение
|
| 610 |
1 |
|
|a нефть
|
| 610 |
1 |
|
|a месторождения
|
| 610 |
1 |
|
|a Западная Сибирь
|
| 610 |
1 |
|
|a нефтегазоносность
|
| 610 |
1 |
|
|a труды учёных ТПУ
|
| 700 |
|
1 |
|a Удод
|b К. А.
|
| 702 |
|
1 |
|a Столбова
|b Н. Ф.
|c российский геолог
|c доцент Томского политехнического университета
|f 1940-
|g Нэля Фeдоровна
|2 stltpush
|4 727
|
| 801 |
|
1 |
|a RU
|b 63413507
|c 20100504
|
| 801 |
|
2 |
|a RU
|b 63413507
|c 20121001
|g RCR
|
| 942 |
|
|
|c BK
|